How the Economic Machine Works (Record no. 333262)
[ view plain ]
| 000 -LEADER | |
|---|---|
| fixed length control field | 00505nam a2200097Ia 4500 |
| 008 - FIXED-LENGTH DATA ELEMENTS--GENERAL INFORMATION | |
| fixed length control field | 170517s9999 xx 000 0 und d |
| 245 ## - TITLE STATEMENT | |
| Title | How the Economic Machine Works |
| 300 ## - PHYSICAL DESCRIPTION | |
| Extent | The economy operates like a very simple apparatus. But most of the people can't fathom it - or they don't assent on how it really functions- and this has produced a lot of unnecessary economic agony. Ray Dalio had... |
| 650 ## - SUBJECT ADDED ENTRY--TOPICAL TERM | |
| General subdivision | Business and Economics. |
| 856 ## - ELECTRONIC LOCATION AND ACCESS | |
| Uniform Resource Identifier | <a href="http://topdocumentaryfilms.com/how-economic-machine-works/">http://topdocumentaryfilms.com/how-economic-machine-works/</a> |
| Withdrawn status | Lost status | Damaged status | Home library | Current library | Date acquired | Total Checkouts | Date last seen | Price effective from | Koha item type |
|---|---|---|---|---|---|---|---|---|---|
| College Library | College Library | 05/17/2017 | 05/17/2017 | 05/17/2017 | Documentary Films |